000 00707nam a2200181 i 4500
001 124819
003 ES-MaACL
005 20230906192514.0
007 t|
008 070420s1930 sp ||||1| spa d
245 0 0 _aAsamblea del Instituto y Cajas colaboradoras del Regimen Legal de Previsión
_b: (Sevilla, 5-8 de Mayo de 1930).
260 _aMadrid :
_b[s.n.],
_c1930 (
_fImprenta y Encuadernación de los Sobrinos de la Sucesora de M. Minuesa de los Ríos)
300 _a45 p. ;
_c21 cm.
490 1 _aPublicaciones del Instituto Nacional de Previsión ;
_v234
830 0 _aPublicaciones del Instituto Nacional de Previsión ;
_v234
_9181151
852 _aES-MaACL
_jC-12629(1)
999 _c124819
_d124819